000 00188nam a2200097Ia 4500
100 _aSwati Bawra
_947
942 _cBK
245 _aEngineering physics II
260 _c2021
082 _b SWA
999 _c35831
_d35831